000 00948nmm a2200301 a 4500
001 ocm000940750
003 TR-IsHL
005 20201028145755.0
008 150110s2014 tu tur
007 cr cn
020 _a9786053312789
035 _a940750
_b(N$T)
050 0 4 _aPL248.T873
_bS49 2014
090 0 4 _aPL248.T873
_bS49 2014
100 1 _aTuran, Seyfi
245 1 0 _aSeyfi Turan
_h[electronic resource] /
_cSeyfi Turan ; hazırlayanlar Fergun Özelli, Orhan Alkaya
250 _a3. bs.
260 _aİstanbul :
_bEvrensel Basım Yayın,
_c2014
300 _a241 p.
650 4 _aDil ve Edebiyat
650 4 _aLanguage and Literature
650 0 _aTürk şiiri
650 0 _aTurkish poetry
650 7 _aLITERARY COLLECTIONS / Middle Eastern
_2bisacsh
700 1 _aÖzelli, Fergun
700 1 _aAlkaya, Orhan
856 4 0 _uhttp://search.ebscohost.com/login.aspx?direct=true&scope=site&db=e011xww&AN=940750
999 _c10127
_d10127